[Event "2. Bundesliga Ost 2017/2018"]
[Site "alle Wien"]
[Date "2017.10.21"]
[Round "1"]
[Board "1"]
[White "Pacher, Milan"]
[Black "Jankovic, Alojzije"]
[Result "1/2-1/2"]
[WhiteElo "2433"]
[BlackElo "2568"]
[PlyCount "84"]
[EventDate "2017.10.21"]
[EventType "team"]
[EventRounds "11"]
[EventCountry "AUT"]
[WhiteTeam "SK Austria"]
[BlackTeam "SK Advisory Invest Baden"]

1. c4 d6 2. d4 Nf6 3. Nc3 g6 4. e4 Bg7 5. Nf3 O-O 6. Be2 Nbd7 7. O-O e5 8. Be3
Qe7 9. dxe5 dxe5 10. Nd5 Qd8 11. Qc2 Nh5 12. Rfd1 c6 13. Nb4 Nf4 14. Nd3 Qc7
15. Nxf4 exf4 16. Bd4 Bxd4 17. Rxd4 c5 18. Rd2 Nb8 19. e5 Bf5 20. Qc3 Nc6 21.
Rad1 Rfe8 22. Rd6 Bg4 23. Qd2 Bxf3 24. Bxf3 Nxe5 25. Qxf4 Nxf3+ 26. gxf3 Re6
27. Kg2 Rc8 28. R1d3 Rxd6 29. Rxd6 Qe7 30. Rd5 Qe2 31. Qg4 Rc6 32. Qe4 Re6 33.
Rd8+ Kg7 34. Qxb7 Qxc4 35. Qb8 Re1 36. Rg8+ Kh6 37. Qf8+ Kh5 38. Rh8 Qf1+ 39.
Kg3 Qg1+ 40. Kh3 Qf1+ 41. Kg3 Qg1+ 42. Kh3 Qf1+  1/2-1/2

[Event "2. Bundesliga Ost 2017/2018"]
[Site "alle Wien"]
[Date "2017.10.21"]
[Round "1"]
[Board "2"]
[White "Sharashenidze, Akaki"]
[Black "Mazur, Stefan"]
[Result "0-1"]
[WhiteElo "2351"]
[BlackElo "2444"]
[PlyCount "124"]
[EventDate "2017.10.21"]
[EventType "team"]
[EventRounds "11"]
[EventCountry "AUT"]
[WhiteTeam "SK Advisory Invest Baden"]
[BlackTeam "SK Austria"]

1. e4 e5 2. Nf3 Nc6 3. Nc3 Nf6 4. d4 exd4 5. Nxd4 Bb4 6. Nxc6 bxc6 7. Bd3 d5 8.
exd5 cxd5 9. O-O O-O 10. Bg5 c6 11. Qf3 Be7 12. h3 h6 13. Bf4 Be6 14. Ne2 c5
15. c3 Bd6 16. Rfe1 Rb8 17. b3 a5 18. Rad1 a4 19. Bc2 axb3 20. axb3 Re8 21.
Bxd6 Qxd6 22. Nf4 Rbd8 23. c4 d4 24. Nh5 Nxh5 25. Qxh5 Bd7 26. Qf3 Bc6 27. Qd3
g6 28. Qd2 h5 29. Bd3 Kg7 30. Rxe8 Rxe8 31. Re1 Rxe1+ 32. Qxe1 f5 33. f3 Kf7
34. Qa5 Kf6 35. Qd2 Qe5 36. Kf2 f4 37. Qc2 Qe3+ 38. Kf1 Bxf3 39. gxf3 Qxf3+ 40.
Ke1 Qxh3 41. b4 cxb4 42. c5 g5 43. c6 Qh4+ 44. Kd1 Qh1+ 45. Kd2 Qg2+ 46. Be2 d3
47. Qxd3 Qxc6 48. Bxh5 Ke5 49. Qe2+ Qe4 50. Qg4 Qe3+ 51. Kd1 Qd3+ 52. Ke1 Qf5
53. Qd1 Qe4+ 54. Kd2 Qd4+ 55. Kc2 Qxd1+ 56. Bxd1 Ke4 57. Kd2 f3 58. Ba4 g4 59.
Bd7 g3 60. Bc6+ Kf4 61. Ke1 Ke3 62. Kf1 b3  0-1

[Event "2. Bundesliga Ost 2017/2018"]
[Site "alle Wien"]
[Date "2017.10.21"]
[Round "1"]
[Board "3"]
[White "Hangweyrer, Manfred"]
[Black "Ly, Dominik"]
[Result "1-0"]
[WhiteElo "2370"]
[BlackElo "2286"]
[PlyCount "39"]
[EventDate "2017.10.21"]
[EventType "team"]
[EventRounds "11"]
[EventCountry "AUT"]
[WhiteTeam "SK Austria"]
[BlackTeam "SK Advisory Invest Baden"]

1. Nf3 c5 2. g3 Nc6 3. Bg2 g6 4. c3 Bg7 5. d4 cxd4 6. cxd4 d5 7. O-O Nf6 8. Ne5
O-O 9. Nc3 Bf5 10. Bf4 Rc8 11. Rc1 Qa5 12. Qd2 Rfd8 13. Rfd1 Nxe5 14. Bxe5 Ne8
15. Bxg7 Kxg7 16. h3 Nd6 17. g4 Nc4 18. Qf4 Nxb2 19. Qe5+ Kg8 20. Nxd5  1-0

[Event "2. Bundesliga Ost 2017/2018"]
[Site "alle Wien"]
[Date "2017.10.21"]
[Round "1"]
[Board "4"]
[White "Dzierzenga, Stefan"]
[Black "Sardy, Peter"]
[Result "0-1"]
[WhiteElo "2191"]
[BlackElo "2358"]
[PlyCount "48"]
[EventDate "2017.10.21"]
[EventType "team"]
[EventRounds "11"]
[EventCountry "AUT"]
[WhiteTeam "SK Advisory Invest Baden"]
[BlackTeam "SK Austria"]

1. e4 c5 2. Nf3 e6 3. d4 cxd4 4. Nxd4 d6 5. Nc3 a6 6. Be3 b5 7. Bd3 Nf6 8. f3
Nbd7 9. a4 b4 10. Nc6 Qc7 11. Nxb4 d5 12. Nba2 Bd6 13. Qd2 O-O 14. Rd1 Bb7 15.
g3 Rfd8 16. O-O Nc5 17. Bg5 dxe4 18. Bxf6 gxf6 19. fxe4 Be5 20. Qh6 Bd4+ 21.
Rf2 Bxf2+ 22. Kxf2 Qe5 23. b4 Nxe4+ 24. Kf1 Qf5+  0-1

[Event "2. Bundesliga Ost 2017/2018"]
[Site "alle Wien"]
[Date "2017.10.21"]
[Round "1"]
[Board "5"]
[White "Nagy, Bence"]
[Black "Hofegger, Jakob"]
[Result "1/2-1/2"]
[WhiteElo "2343"]
[BlackElo "2117"]
[PlyCount "123"]
[EventDate "2017.10.21"]
[EventType "team"]
[EventRounds "11"]
[EventCountry "AUT"]
[WhiteTeam "SK Austria"]
[BlackTeam "SK Advisory Invest Baden"]

1. e4 e6 2. d4 d5 3. Nc3 Nf6 4. e5 Nfd7 5. f4 c5 6. Nf3 Nc6 7. Be3 cxd4 8. Nxd4
Bc5 9. Qd2 O-O 10. O-O-O a6 11. Kb1 Bxd4 12. Bxd4 b5 13. Bf2 Bb7 14. Bd3 f6 15.
Bf5 fxe5 16. Bxe6+ Kh8 17. Qxd5 Nf6 18. Qf3 Qe7 19. Bh3 exf4 20. Qxf4 Nd5 21.
Nxd5 Rxf4 22. Nxe7 Rxf2 23. Rd7 Raf8 24. a3 Ba8 25. Nxc6 Bxc6 26. Rd6 Be4 27.
Rc1 Ra8 28. b3 Bxg2 29. Bxg2 Rxg2 30. h4 Rh2 31. Rcd1 h5 32. Rd8+ Rxd8 33.
Rxd8+ Kh7 34. Rd4 Kg6 35. c4 bxc4 36. bxc4 Re2 37. c5 Re6 38. Rd5 Re4 39. Kc2
Rxh4 40. Kb3 Rh1 41. Rd6+ Kf7 42. Rd7+ Kf6 43. Kb2 Re1 44. c6 Re8 45. Kb3 h4
46. Kb4 g5 47. c7 Rc8 48. Kc5 h3 49. Kd6 g4 50. Rh7 Kg6 51. Rh4 Kg5 52. Rh7 Kf4
53. Kd7 Rxc7+ 54. Kxc7 Kg3 55. Kb6 h2 56. Kxa6 Kg2 57. a4 h1=Q 58. Rxh1 Kxh1
59. a5 g3 60. Kb7 g2 61. a6 g1=Q 62. a7  1/2-1/2

[Event "2. Bundesliga Ost 2017/2018"]
[Site "alle Wien"]
[Date "2017.10.21"]
[Round "1"]
[Board "6"]
[White "Juenger, Heinz"]
[Black "Newrkla, Katharina"]
[Result "1/2-1/2"]
[WhiteElo "2116"]
[BlackElo "2168"]
[PlyCount "75"]
[EventDate "2017.10.21"]
[EventType "team"]
[EventRounds "11"]
[EventCountry "AUT"]
[WhiteTeam "SK Advisory Invest Baden"]
[BlackTeam "SK Austria"]

1. d4 Nf6 2. c4 g6 3. g3 Bg7 4. Bg2 O-O 5. Nf3 d6 6. Nc3 Nc6 7. O-O Rb8 8. h3
a6 9. e4 b5 10. cxb5 axb5 11. Re1 e6 12. Qc2 Ne7 13. e5 Nfd5 14. Ne4 h6 15. Bd2
b4 16. a3 Qd7 17. Qc1 Kh7 18. Nf6+ Nxf6 19. exf6 Bxf6 20. Bxh6 Bg7 21. Bxg7
Kxg7 22. Qc4 Nd5 23. Nd2 bxa3 24. bxa3 Bb7 25. Rec1 Rfc8 26. Ne4 Nb6 27. Qc2
Qa4 28. Qxa4 Nxa4 29. Rab1 Bxe4 30. Rxb8 Rxb8 31. Bxe4 d5 32. Rb1 Ra8 33. Bf3
c5 34. dxc5 Nxc5 35. Rb5 Rxa3 36. Bxd5 Nd3 37. Be4 Rc3 38. Bxd3  1/2-1/2

[Event "2. Bundesliga Ost 2017/2018"]
[Site "alle Wien"]
[Date "2017.10.21"]
[Round "1"]
[Board "1"]
[White "Burlacu, Bogdan"]
[Black "Juhasz, Armin"]
[Result "1-0"]
[WhiteElo "2293"]
[BlackElo "2363"]
[PlyCount "79"]
[EventDate "2017.10.21"]
[EventType "team"]
[EventRounds "11"]
[EventCountry "AUT"]
[WhiteTeam "SK Mostarrichi"]
[BlackTeam "SK Sparkasse Bad Voeslau"]

1. e4 c5 2. Nf3 Nc6 3. Bb5 d6 4. O-O Bd7 5. h3 Nf6 6. Re1 a6 7. Bf1 e6 8. c3
Be7 9. d4 cxd4 10. cxd4 d5 11. exd5 Nxd5 12. Nc3 Nxc3 13. bxc3 O-O 14. c4 Rc8
15. Rb1 Na5 16. Ne5 Bf6 17. Qh5 Bxe5 18. dxe5 Ba4 19. Ba3 Re8 20. Bd6 Bc2 21.
Rb4 Bg6 22. Qf3 Qg5 23. Qe3 Qf5 24. Qa3 b6 25. Qa4 Nc6 26. Rxb6 Nd4 27. c5 Nc2
28. Rc1 a5 29. Ba6 Rcd8 30. Bb5 Rf8 31. g4 Qf3 32. Qb3 Qe4 33. Qxc2 Qxc2 34.
Rxc2 Bxc2 35. c6 Rc8 36. c7 Be4 37. Rb8 Rxb8 38. cxb8=Q Rxb8 39. Bxb8 Bd5 40.
a4  1-0

[Event "2. Bundesliga Ost 2017/2018"]
[Site "alle Wien"]
[Date "2017.10.21"]
[Round "1"]
[Board "2"]
[White "Juhasz, Kristof"]
[Black "Ehs, Dominik"]
[Result "1-0"]
[WhiteElo "2404"]
[BlackElo "2082"]
[PlyCount "75"]
[EventDate "2017.10.21"]
[EventType "team"]
[EventRounds "11"]
[EventCountry "AUT"]
[WhiteTeam "SK Sparkasse Bad Voeslau"]
[BlackTeam "SK Mostarrichi"]

1. Nf3 Nf6 2. g3 g6 3. b3 Bg7 4. Bb2 O-O 5. Bg2 d6 6. d4 Nc6 7. O-O e5 8. dxe5
Nd7 9. c4 dxe5 10. Nc3 e4 11. Ne1 f5 12. Qd5+ Kh8 13. Rd1 Nf6 14. Qc5 Qe8 15.
Nd5 b6 16. Qe3 Qf7 17. f3 Nxd5 18. Bxg7+ Qxg7 19. cxd5 exf3 20. Nxf3 Nd8 21.
Rc1 Nb7 22. Nd4 Nd6 23. Rc2 Re8 24. Qd2 Ne4 25. Bxe4 Rxe4 26. Nb5 Bd7 27. Rxc7
a6 28. Nd6 Re7 29. Rfc1 Qf6 30. Qc3 Qxc3 31. R1xc3 Rd8 32. Kf2 Kg7 33. Re3 Rxe3
34. Kxe3 Kf6 35. Kd4 Be6 36. Rc6 Ke7 37. Ke5 Bg8 38. Rxb6  1-0

[Event "2. Bundesliga Ost 2017/2018"]
[Site "alle Wien"]
[Date "2017.10.21"]
[Round "1"]
[Board "3"]
[White "Steiner, Heinz"]
[Black "Plachetka, Jan"]
[Result "0-1"]
[WhiteElo "2141"]
[BlackElo "2314"]
[PlyCount "80"]
[EventDate "2017.10.21"]
[EventType "team"]
[EventRounds "11"]
[EventCountry "AUT"]
[WhiteTeam "SK Mostarrichi"]
[BlackTeam "SK Sparkasse Bad Voeslau"]

1. c4 g6 2. Nc3 c5 3. e3 Bg7 4. d4 Nf6 5. Nf3 O-O 6. Bd3 d5 7. O-O cxd4 8. exd4
Nc6 9. h3 b6 10. Re1 Bb7 11. Bg5 dxc4 12. Bxc4 Rc8 13. Bb5 a6 14. Bf1 b5 15.
Rc1 Re8 16. Qd2 Na5 17. Ne5 b4 18. Na4 Rxc1 19. Qxc1 Qxd4 20. Nf3 Bxf3 21. gxf3
Qd5 22. Bxa6 Qxf3 23. Bf1 Qd5 24. b3 Ne4 25. Be3 Nc3 26. Bg2 Qf5 27. Nxc3 bxc3
28. Rd1 e6 29. Rd7 Rc8 30. Ra7 c2 31. Ra8 Rxa8 32. Bxa8 Qd3 33. Bf3 h5 34. Kg2
Bc3 35. Bh6 Kh7 36. Be3 e5 37. Kg1 e4 38. Bg2 Nc6 39. Qa3 Bb4 40. Qa4 Qxe3  0-1

[Event "2. Bundesliga Ost 2017/2018"]
[Site "alle Wien"]
[Date "2017.10.21"]
[Round "1"]
[Board "4"]
[White "Wilke, Werner"]
[Black "Rechberger, Franz"]
[Result "1-0"]
[WhiteElo "2248"]
[BlackElo "2141"]
[PlyCount "93"]
[EventDate "2017.10.21"]
[EventType "team"]
[EventRounds "11"]
[EventCountry "AUT"]
[WhiteTeam "SK Sparkasse Bad Voeslau"]
[BlackTeam "SK Mostarrichi"]

1. e4 e5 2. Nf3 Nc6 3. Bc4 Nf6 4. d3 Bc5 5. O-O d6 6. c3 Bg4 7. b4 Bb6 8. a4 a6
9. h3 Be6 10. Bxe6 fxe6 11. Na3 Qd7 12. Nc4 Ba7 13. Be3 Bxe3 14. fxe3 O-O 15.
b5 axb5 16. axb5 Ne7 17. Qb3 b6 18. Ncd2 Ng6 19. d4 Kh8 20. Ra6 d5 21. exd5
exd5 22. Nxe5 Nxe5 23. dxe5 Nh5 24. Qb4 Rxf1+ 25. Nxf1 Re8 26. Qg4 Qxb5 27. Ra1
g6 28. Nh2 Qb2 29. Qa4 Ng7 30. Nf3 Qxc3 31. Ra3 Qc1+ 32. Kh2 b5 33. Qa5 Qb2 34.
Rc3 Rf8 35. Qxc7 b4 36. Rc2 Qa3 37. Qe7 Re8 38. Qd7 Qxe3 39. Rc7 Qf4+ 40. Kh1
Qf8 41. Qxd5 Ra8 42. Rf7 Qd8 43. Rd7 Qg8 44. Qd6 b3 45. Rb7 Qc8 46. Qb4 Ne6 47.
Qe7  1-0

[Event "2. Bundesliga Ost 2017/2018"]
[Site "alle Wien"]
[Date "2017.10.21"]
[Round "1"]
[Board "5"]
[White "Gaertner, Markus"]
[Black "Lampl, Gerald"]
[Result "1-0"]
[WhiteElo "2077"]
[BlackElo "2108"]
[PlyCount "105"]
[EventDate "2017.10.21"]
[EventType "team"]
[EventRounds "11"]
[EventCountry "AUT"]
[WhiteTeam "SK Mostarrichi"]
[BlackTeam "SK Sparkasse Bad Voeslau"]

1. d4 Nf6 2. c4 e6 3. Nf3 Bb4+ 4. Bd2 a5 5. e3 b6 6. Be2 O-O 7. O-O Re8 8. Qc2
Bxd2 9. Nbxd2 d6 10. c5 dxc5 11. dxc5 Ba6 12. Nc4 bxc5 13. Rfd1 Qe7 14. Nfe5
Nd5 15. Bf3 Bxc4 16. Qxc4 c6 17. Rac1 Qf6 18. Ng4 Qxb2 19. Rb1 Nb6 20. Qf1 Qxa2
21. Rxb6 f6 22. Ra1 Qc2 23. e4 Qc3 24. Ne3 Nd7 25. Rxc6 Ne5 26. Rc7 Nd3 27. e5
Qxe5 28. Rd7 Rad8 29. Rxd8 Rxd8 30. Rd1 Qd4 31. Be2 c4 32. Nxc4 Qxc4 33. Bxd3
Qc8 34. Qe2 g6 35. Qe1 Kg7 36. g3 Rd5 37. Qe2 Qd7 38. Bc2 Rxd1+ 39. Qxd1 Qxd1+
40. Bxd1 f5 41. Kg2 Kf6 42. Kf3 g5 43. Ke3 g4 44. Kd4 h5 45. Ba4 h4 46. gxh4
Kg6 47. Ke5 Kh5 48. Kxe6 f4 49. Kf5 f3 50. Kf4 Kxh4 51. Bd7 a4 52. Bxg4 a3 53.
Be6  1-0

[Event "2. Bundesliga Ost 2017/2018"]
[Site "alle Wien"]
[Date "2017.10.21"]
[Round "1"]
[Board "6"]
[White "Miazhynski, Yuri"]
[Black "Poell, Markus"]
[Result "1/2-1/2"]
[WhiteElo "2156"]
[BlackElo "2125"]
[PlyCount "62"]
[EventDate "2017.10.21"]
[EventType "team"]
[EventRounds "11"]
[EventCountry "AUT"]
[WhiteTeam "SK Sparkasse Bad Voeslau"]
[BlackTeam "SK Mostarrichi"]

1. c4 c6 2. Nf3 d5 3. g3 Nf6 4. Bg2 e6 5. b3 Nbd7 6. Bb2 Bc5 7. O-O O-O 8. d4
Be7 9. Nbd2 b6 10. Ne5 Bb7 11. e4 Rc8 12. Nxd7 Qxd7 13. e5 Ne8 14. cxd5 cxd5
15. f4 g6 16. Nf3 Ng7 17. g4 Rc7 18. Rf2 Ba6 19. Rc1 Rfc8 20. Rfc2 Rc6 21. Kf2
R8c7 22. Ke3 Qc8 23. Rxc6 Rxc6 24. Rxc6 Qxc6 25. Qc1 Qxc1+ 26. Bxc1 h5 27. h3
hxg4 28. hxg4 Kf8 29. a4 Ke8 30. Bd2 Kd7 31. Bc3 Bf8  1/2-1/2

[Event "2. Bundesliga Ost 2017/2018"]
[Site "alle Wien"]
[Date "2017.10.21"]
[Round "1"]
[Board "1"]
[White "Lizak, Peter"]
[Black "Horvath, Dominik"]
[Result "1/2-1/2"]
[WhiteElo "2451"]
[BlackElo "2369"]
[PlyCount "98"]
[EventDate "2017.10.21"]
[EventType "team"]
[EventRounds "11"]
[EventCountry "AUT"]
[WhiteTeam "SC Data Technology Pressbaum/E."]
[BlackTeam "ASVOE Pamhagen 2"]

1. c4 c5 2. Nf3 Nf6 3. Nc3 e6 4. g3 b6 5. Bg2 Bb7 6. O-O Be7 7. d4 cxd4 8. Qxd4
O-O 9. Bf4 Nc6 10. Qd2 Na5 11. b3 Bb4 12. Qb2 d5 13. cxd5 Bxc3 14. Qxc3 Nxd5
15. Qd2 Nxf4 16. Qxf4 Rc8 17. Rac1 Qe7 18. Ne5 Bxg2 19. Kxg2 f6 20. Nd3 Nb7 21.
Rfd1 Rfd8 22. Qf3 Nc5 23. Nxc5 Rxc5 24. Rxc5 Rxd1 25. Rc8+ Rd8 26. Rxd8+ Qxd8
27. Qb7 Qd5+ 28. Qxd5 exd5 29. Kf3 Kf7 30. Ke3 Ke6 31. g4 g6 32. Kd4 Kd6 33. b4
Ke6 34. a4 Kd6 35. Ke3 Ke6 36. Kd4 Kd6 37. f4 f5 38. gxf5 gxf5 39. Kc3 Kc6 40.
e3 Kd6 41. Kd3 Ke6 42. Kd4 Kd6 43. a5 Ke6 44. axb6 axb6 45. Kc3 Kd6 46. Kd4 Ke6
47. Kd3 Kd6 48. Kc3 Kc6 49. Kd4 Kd6  1/2-1/2

[Event "2. Bundesliga Ost 2017/2018"]
[Site "alle Wien"]
[Date "2017.10.21"]
[Round "1"]
[Board "2"]
[White "Lipka, Juraj"]
[Black "Videki, Sandor"]
[Result "0-1"]
[WhiteElo "2416"]
[BlackElo "2416"]
[PlyCount "104"]
[EventDate "2017.10.21"]
[EventType "team"]
[EventRounds "11"]
[EventCountry "AUT"]
[WhiteTeam "ASVOE Pamhagen 2"]
[BlackTeam "SC Data Technology Pressbaum/E."]

1. d4 Nf6 2. Nf3 d6 3. c4 g6 4. Nc3 Bg7 5. e4 O-O 6. Be2 Na6 7. O-O e5 8. dxe5
dxe5 9. Be3 c6 10. Nxe5 Qxd1 11. Raxd1 Nxe4 12. Nxe4 Bxe5 13. Bd4 Bxd4 14. Rxd4
c5 15. Rd2 Be6 16. Ng5 Rad8 17. Rfd1 Rxd2 18. Rxd2 Bc8 19. Bf3 Nc7 20. Kf1 h6
21. Ne4 Ne6 22. Nd6 Rd8 23. Ke1 b6 24. Nxc8 Rxc8 25. Rd7 Rc7 26. Rxc7 Nxc7 27.
Kd2 Kf8 28. Bb7 Ke7 29. Bc8 Kd8 30. Bb7 Kd7 31. Ke3 Ne8 32. Bd5 Ke7 33. h3 Nd6
34. g4 f5 35. f3 Kf6 36. Kf4 g5+ 37. Ke3 Ke5 38. b3 b5 39. Bg8 b4 40. Bd5 Ne8
41. Bf7 Nd6 42. Bd5 Nc8 43. Bc6 Ne7 44. Be8 a6 45. Bd7 f4+ 46. Kd3 Ng6 47. Bf5
Nh4 48. Be4 Ng2 49. Kd2 Kd4 50. Bd3 Ne3 51. Be2 a5 52. Bd3 Nd1  0-1

[Event "2. Bundesliga Ost 2017/2018"]
[Site "alle Wien"]
[Date "2017.10.21"]
[Round "1"]
[Board "3"]
[White "Rumpl, Erwin"]
[Black "Vitouch, Anatol"]
[Result "1/2-1/2"]
[WhiteElo "2267"]
[BlackElo "2330"]
[PlyCount "40"]
[EventDate "2017.10.21"]
[EventType "team"]
[EventRounds "11"]
[EventCountry "AUT"]
[WhiteTeam "SC Data Technology Pressbaum/E."]
[BlackTeam "ASVOE Pamhagen 2"]

1. Nf3 e6 2. g3 f5 3. Bg2 Nf6 4. O-O g6 5. d3 Bg7 6. Nc3 O-O 7. e4 d6 8. exf5
exf5 9. Re1 h6 10. Bd2 c6 11. Ne2 Re8 12. h4 Be6 13. Nf4 Bf7 14. Nd4 Ng4 15.
Nfe6 Bxe6 16. Nxe6 Qb6 17. d4 Be5 18. Qf3 Rxe6 19. dxe5 dxe5 20. h5 Kg7  1/2-1/2

[Event "2. Bundesliga Ost 2017/2018"]
[Site "alle Wien"]
[Date "2017.10.21"]
[Round "1"]
[Board "4"]
[White "Rubil, Marko"]
[Black "Neumeier, Klaus"]
[Result "0-1"]
[WhiteElo "2252"]
[BlackElo "2302"]
[PlyCount "108"]
[EventDate "2017.10.21"]
[EventType "team"]
[EventRounds "11"]
[EventCountry "AUT"]
[WhiteTeam "ASVOE Pamhagen 2"]
[BlackTeam "SC Data Technology Pressbaum/E."]

1. e4 c5 2. Nf3 Nc6 3. d4 cxd4 4. Nxd4 e6 5. Nc3 Qc7 6. a3 a6 7. Be2 b5 8. Be3
Bb7 9. f4 Nf6 10. e5 Nxd4 11. Qxd4 Nd5 12. Nxd5 Bxd5 13. O-O Qxc2 14. Bf3 Bxf3
15. Rxf3 Rc8 16. b4 Qc6 17. Rc1 Qb7 18. Rff1 Rxc1 19. Rxc1 Be7 20. Qb6 Qxb6 21.
Bxb6 O-O 22. Rd1 Ra8 23. Rxd7 Kf8 24. Kf2 Ke8 25. Rb7 Rc8 26. Bc7 h5 27. g3 g6
28. h3 Ra8 29. Ke3 Rc8 30. g4 hxg4 31. hxg4 Ra8 32. Ke4 Rc8 33. f5 gxf5+ 34.
gxf5 exf5+ 35. Kxf5 Ra8 36. Ke4 Rc8 37. Kd5 Bd8 38. Kc6 Ke7 39. Kb6 Rxc7 40.
Rxc7+ Bxc7+ 41. Kxc7 Ke6 42. Kb6 Kxe5 43. Kxa6 f5 44. Kxb5 f4 45. a4 f3 46. a5
f2 47. Kb6 f1=Q 48. b5 Kd6 49. a6 Qc4 50. a7 Qc7+ 51. Ka6 Qc8+ 52. Kb6 Qa8 53.
Ka6 Kc5 54. b6 Qh1  0-1

[Event "2. Bundesliga Ost 2017/2018"]
[Site "alle Wien"]
[Date "2017.10.21"]
[Round "1"]
[Board "5"]
[White "Hechl, Gerald"]
[Black "Alvir, Aco"]
[Result "1/2-1/2"]
[WhiteElo "2325"]
[BlackElo "2337"]
[PlyCount "49"]
[EventDate "2017.10.21"]
[EventType "team"]
[EventRounds "11"]
[EventCountry "AUT"]
[WhiteTeam "SC Data Technology Pressbaum/E."]
[BlackTeam "ASVOE Pamhagen 2"]

1. d4 Nf6 2. Bg5 e6 3. e4 c5 4. d5 d6 5. Nc3 e5 6. Bb5+ Nbd7 7. a4 Be7 8. Nf3
O-O 9. h3 a6 10. Be2 Re8 11. O-O Nf8 12. Bxf6 Bxf6 13. a5 Bg5 14. Na4 Nd7 15.
Nxg5 Qxg5 16. Qc1 Qg6 17. Qe3 Nf6 18. Nb6 Rb8 19. Bd3 Nh5 20. Kh2 Nf4 21. Qg3
Qh6 22. Ra4 Re7 23. b4 Bd7 24. Nxd7 Rxd7 25. Rb1  1/2-1/2

[Event "2. Bundesliga Ost 2017/2018"]
[Site "alle Wien"]
[Date "2017.10.21"]
[Round "1"]
[Board "6"]
[White "Kuthan, Andreas"]
[Black "Lucaci, Marius"]
[Result "1/2-1/2"]
[WhiteElo "2199"]
[BlackElo "2187"]
[PlyCount "52"]
[EventDate "2017.10.21"]
[EventType "team"]
[EventRounds "11"]
[EventCountry "AUT"]
[WhiteTeam "ASVOE Pamhagen 2"]
[BlackTeam "SC Data Technology Pressbaum/E."]

1. e4 e6 2. d4 d5 3. Nd2 Nf6 4. e5 Nfd7 5. Bd3 c5 6. c3 Nc6 7. Ne2 Qb6 8. Nf3
cxd4 9. cxd4 f6 10. exf6 Nxf6 11. O-O Bd6 12. b3 O-O 13. Bf4 Bxf4 14. Nxf4 Ne4
15. Ne2 Nf6 16. Qd2 Bd7 17. Rad1 Rae8 18. Bb1 Ne4 19. Qe3 Nf6 20. Qd2 e5 21.
dxe5 Nxe5 22. Nxe5 Rxe5 23. Ng3 Bb5 24. Bd3 Bd7 25. Bb1 Bb5 26. Bd3 Bd7  1/2-1/2

[Event "2. Bundesliga Ost 2017/2018"]
[Site "alle Wien"]
[Date "2017.10.21"]
[Round "1"]
[Board "1"]
[White "Sadilek, Peter"]
[Black "Zilka, Stepan"]
[Result "0-1"]
[WhiteElo "2298"]
[BlackElo "2527"]
[PlyCount "112"]
[EventDate "2017.10.21"]
[EventType "team"]
[EventRounds "11"]
[EventCountry "AUT"]
[WhiteTeam "tschaturanga"]
[BlackTeam "Blackburne Nickelsdorf"]

1. d4 d5 2. c4 dxc4 3. e3 Nf6 4. Bxc4 e6 5. Nf3 c5 6. O-O a6 7. Nc3 b5 8. Bb3
Bb7 9. e4 Nxe4 10. Nxe4 Bxe4 11. Re1 c4 12. Bxc4 Bd5 13. Bxd5 Qxd5 14. a4 Nc6
15. axb5 Qxb5 16. d5 Rd8 17. Qa4 Rxd5 18. Qxa6 Bb4 19. Qxb5 Rxb5 20. Ra8+ Rb8
21. Rxb8+ Nxb8 22. Re4 Bd6 23. Ra4 Ke7 24. Ra7+ Nd7 25. Bd2 Rb8 26. Bc3 Bc5 27.
Ra6 f6 28. Nd4 Rb6 29. Rxb6 Nxb6 30. Kf1 e5 31. Nf5+ Kf7 32. Ke2 g6 33. Ng3 Ke6
34. Ne4 Be7 35. f3 f5 36. Nd2 Bc5 37. b4 Bg1 38. b5 Bxh2 39. Ba5 Bg1 40. Bxb6
Bxb6 41. Nc4 Bc7 42. b6 Bb8 43. Kd3 h5 44. Ne3 g5 45. Kc4 f4 46. Nd1 Kd6 47.
Nf2 Kc6 48. Ne4 g4 49. Nf2 g3 50. Nh3 Kxb6 51. Kd5 Kb5 52. Ng5 Kb4 53. Nf7 Kc3
54. Nxe5 h4 55. Nc6 h3 56. gxh3 g2  0-1

[Event "2. Bundesliga Ost 2017/2018"]
[Site "alle Wien"]
[Date "2017.10.21"]
[Round "1"]
[Board "2"]
[White "Pinter, Erik"]
[Black "Sadilek, Maximilian"]
[Result "1/2-1/2"]
[WhiteElo "2362"]
[BlackElo "2271"]
[PlyCount "56"]
[EventDate "2017.10.21"]
[EventType "team"]
[EventRounds "11"]
[EventCountry "AUT"]
[WhiteTeam "Blackburne Nickelsdorf"]
[BlackTeam "tschaturanga"]

1. e4 e5 2. Nf3 Nc6 3. Bb5 Nge7 4. c3 d5 5. Nxe5 dxe4 6. Qe2 Qd5 7. Nxc6 Nxc6
8. f3 f5 9. d4 Be6 10. fxe4 fxe4 11. Nd2 O-O-O 12. O-O Bf5 13. Bxc6 bxc6 14.
Nc4 Be6 15. Ne5 Kb7 16. Be3 Bd6 17. c4 Qa5 18. Nxc6 Kxc6 19. d5+ Kb7 20. dxe6
Qe5 21. g3 Bc5 22. Bxc5 Qxc5+ 23. Kh1 Rd4 24. b3 Re8 25. Rad1 Rxe6 26. Rxd4
Qxd4 27. Rd1 Qc3 28. Kg2 Re7  1/2-1/2

[Event "2. Bundesliga Ost 2017/2018"]
[Site "alle Wien"]
[Date "2017.10.21"]
[Round "1"]
[Board "3"]
[White "Morgunov, Daniel"]
[Black "Schwarhofer, Christopher"]
[Result "1-0"]
[WhiteElo "2231"]
[BlackElo "2370"]
[PlyCount "55"]
[EventDate "2017.10.21"]
[EventType "team"]
[EventRounds "11"]
[EventCountry "AUT"]
[WhiteTeam "tschaturanga"]
[BlackTeam "Blackburne Nickelsdorf"]

1. e4 c5 2. Nf3 e6 3. d4 cxd4 4. Nxd4 a6 5. Nc3 Qc7 6. Be2 b5 7. O-O Bb7 8. Bf3
Nc6 9. Nxc6 dxc6 10. a4 b4 11. Nb1 c5 12. e5 Rd8 13. Nd2 Bxf3 14. Qxf3 Ne7 15.
Nc4 Ng6 16. Bg5 Rd5 17. Rad1 h6 18. Rxd5 exd5 19. Qxd5 hxg5 20. Nd6+ Bxd6 21.
exd6 Qd8 22. Re1+ Kf8 23. Qc6 Rh6 24. Qc7 Qxc7 25. dxc7 Ne7 26. Rxe7 Rc6 27.
Rd7 Ke8 28. Rd8+  1-0

[Event "2. Bundesliga Ost 2017/2018"]
[Site "alle Wien"]
[Date "2017.10.21"]
[Round "1"]
[Board "4"]
[White "Lendwai, Reinhard"]
[Black "Chirita-Mihaila, Marius-Consta"]
[Result "1-0"]
[WhiteElo "2389"]
[BlackElo "2086"]
[PlyCount "47"]
[EventDate "2017.10.21"]
[EventType "team"]
[EventRounds "11"]
[EventCountry "AUT"]
[WhiteTeam "Blackburne Nickelsdorf"]
[BlackTeam "tschaturanga"]

1. c4 g6 2. g3 Bg7 3. Nc3 e5 4. Bg2 d6 5. d3 c6 6. e3 Ne7 7. Nge2 h5 8. h3 h4
9. g4 f5 10. gxf5 Bxf5 11. e4 Be6 12. Bg5 Qd7 13. Qd2 Na6 14. b3 O-O-O 15.
O-O-O Nc7 16. Kb1 Kb8 17. d4 exd4 18. Nxd4 Bf7 19. Be3 c5 20. Ndb5 Nxb5 21.
Nxb5 Qe6 22. Qa5 Nc6 23. Qc7+ Ka8 24. Qxd8+  1-0

[Event "2. Bundesliga Ost 2017/2018"]
[Site "alle Wien"]
[Date "2017.10.21"]
[Round "1"]
[Board "5"]
[White "Leitner, Gerald"]
[Black "Vlcek, Stanislav"]
[Result "1-0"]
[WhiteElo "2118"]
[BlackElo "2258"]
[PlyCount "87"]
[EventDate "2017.10.21"]
[EventType "team"]
[EventRounds "11"]
[EventCountry "AUT"]
[WhiteTeam "tschaturanga"]
[BlackTeam "Blackburne Nickelsdorf"]

1. d4 Nf6 2. c4 g6 3. Nc3 Bg7 4. e4 d6 5. Nf3 O-O 6. Be2 e5 7. Be3 Na6 8. O-O
Qe8 9. d5 Ng4 10. Bd2 f5 11. Ne1 Bd7 12. a3 c5 13. Nd3 Qe7 14. f3 Nf6 15. b4 b6
16. bxc5 Nxc5 17. Nxc5 bxc5 18. Rb1 Rab8 19. Qc2 fxe4 20. fxe4 Ng4 21. h3 Nf6
22. Rb2 Nh5 23. Rxf8+ Qxf8 24. Bxh5 gxh5 25. Rxb8 Qxb8 26. Bg5 Qb6 27. Kh2 Be8
28. Ne2 h6 29. Bh4 Bg6 30. Ng3 Qb7 31. Nf5 Bxf5 32. exf5 Qf7 33. Qb1 Bf6 34.
Qb8+ Kg7 35. Bxf6+ Kxf6 36. Qxd6+ Kxf5 37. Qxc5 Ke4 38. d6 Qf4+ 39. Kg1 Qc1+
40. Kh2 Qf4+ 41. Kh1 Qc1+ 42. Qg1 Qxc4 43. Qb1+ Kf4 44. Qb4  1-0